000 00767nam a2200265 a 4500
001 40398
003 AR-BaAGN
005 20231207144923.0
007 ta
008 220625s1987 ag |||||r|||| ||||||spa d
040 _dAR-BaAGN
_aAR-BaAGN
_bspa
_eaacr
100 1 _aFernandez de Burzaco, Hugo
245 1 0 _aAportes biogenealógicos para un padrón de habitantes del Río de la Plata.
_nVolumen II C-CH-D-E
250 _a1ª ed.
260 _aBuenos Aires :
_bMyrta Chena,
_cc1987.
300 _a313 páginas
336 _2rdacontent
_btxt
337 _2rdamedia
_bn
338 _2rdacarrier
_bnc
650 4 _aDEMOGRAFÍA
_91634
650 4 _aGENEALOGÍA
_91370
651 4 _aRío de la Plata (Argentina y Uruguay)
_94127
942 _cLIBRO
999 _c40398
_d40398